000 00500nam a2200181Ia 4500
008 151202s9999||||xx |||||||||||||| ||und||
082 _bPNVM-49758
100 _aकदम बाबा.
245 _aघायाळ.
260 _b"दिलीपराज प्रकाशन, पुणे."
260 _c2009
300 _a336
600 _aकदम बाबा.
630 _aघायाळ.
700 _aकदम बाबा.
730 _aघायाळ.
942 _cBOOK
999 _c1316063
_d1316060